Statystyki dla Narodowe linie lotnicze: Europa

Kliknij tutaj aby rozwiązać quiz!

Ogólne statystyki

  • Ten quiz został rozwiązany 95 razy
  • Średni wynik to 11 z 35

Statystyki odpowiedzi

PaństwoLinia lotnicza% Poprawnych
PolskaLOT
92%
NiemcyLufthansa
76%
FrancjaAir France
67%
HolandiaKLM
62%
Wielka BrytaniaBritish Airways
61%
FinlandiaFinnair
57%
ŁotwaairBaltic
48%
RosjaAeroflot
43%
AustriaAustrian Airlines
43%
MaltaAir Malta
39%
HiszpaniaIberia
39%
BiałoruśBelavia
37%
IslandiaIcelandair
33%
LuksemburgLuxair
33%
Dania
Norwegia
Szwecja
Scandinavian Airlines
29%
WłochyITA Airways
28%
IrlandiaAer Lingus
27%
BelgiaBrussels Airlines
27%
AlbaniaAir Albania
25%
CzechyCzech Airlines
25%
MołdawiaAir Moldova
24%
SerbiaAir Serbia
23%
ChorwacjaCroatia Airlines
23%
PortugaliaTAP Air Portugal
20%
RumuniaTAROM
20%
GrenlandiaAir Greenland
18%
BułgariaBulgaria Air
15%
GrecjaAegean Airlines
14%
CyprCyprus Airways
13%
UkrainaUIA
13%
CzarnogóraAir Montenegro
11%
Wyspy OwczeAtlantic Airways
11%
EstoniaNordica
11%
SzwajcariaSwiss International Airlines
8%
GuernseyAurigny
3%

Rozkład punktacji

Percentyl według liczby udzielonych odpowiedzi

Procent ludzi z każdym wynikiem

Twoja historia wyników

Nie rozwiązałeś tego quizu